000 01398nam a2200325 c 4500
003 BLK
005 20230127133227.0
008 180408b bul|||||r ||||||| ||bul||
010 _aKNG00061263000
040 _aBLK
041 _aBUL
_cBUL
080 _aПолети на др. летателни апарати. Делтапланеризъм, парапланеризъм (балони), висш пилотаж, въздушна акробатика и др.
_b797.56
_x(035)
_z797.56(035)
100 1 _aОрдоди, Мартон
_eпърви автор
_9104813
700 1 _aМилков, Милко
_eпрев. от унг.
_9369467
139 _aОрдоди, Мартон
_bО 68
245 1 0 _aДелтапланеризъм
_bРъководство
_cМартон Ордоди; прев. от унг. Милко Милков.
257 _aHUN
260 София
_bТехника
_c1988
_fВраца : В. Александров
300 _a200 с.
_bс черт., диагр., табл.
_c22 см
380 _a79
500 _aОриг. загл. Saruanyrepules / Ordody Marton. - Библиогр. с. 196-197
504 _a196-197
650 4 _aДелтапланеризъм
_9152958
653 _aделтапланеризъм
852 _aЦб 154497
856 4 _qpdf
_u
856 4 _qpdf
_u
942 _cKNG
_n0
_04
944 _aCR
_c13.06.2004
_kГеновева_Генчева
944 _aED
_c19.04.2010
_k
999 _c57268
_d57268